| 000 | 00997nam a22003017a 4500 | ||
|---|---|---|---|
| 003 | CHAP | ||
| 005 | 20220329140354.0 | ||
| 008 | 971013s1967 r 00010 d | ||
| 010 | _a51052 | ||
| 011 | _a52024 | ||
| 035 | _a56174 | ||
| 040 | _cCHAP | ||
| 090 | _aTesis | ||
| 100 | 0 | 0 |
_aRodríguez R., Alejandro. _998809 |
| 245 | _aIngreso y gasto familiar en un área fronteriza, Piedras Negras, Coah. | ||
| 260 |
_aMonterrey, N. L. : _bEl autor, _c1967 |
||
| 300 |
_a77 h. _b; apénd. ; gráfs. |
||
| 502 | _aTesis (Lic. en Economía) -- Universidad de Nuevo León. Facultad de Economía | ||
| 590 |
_aALEPH _b10 _c20130110 _lUCH01 _h1326 |
||
| 590 |
_aBATCH-UPD _b10 _c20130110 _lUCH01 _h0427 |
||
| 590 |
_aBATCH-UPD _b10 _c20130410 _lUCH01 _h0102 |
||
| 590 |
_aBATCH-UPD _b10 _c20130914 _lUCH01 _h1053 |
||
| 590 |
_aCONVERSION _b10 _c20130109 _lUCH01 _h1328 |
||
| 650 | 1 | 4 |
_aCostos y nivel de vida _xCoahuila. _928525 |
| 901 | _aBK | ||
| 942 | _cTESIS | ||
| 949 |
_bBC _cTES _d-122838 _eTS1 _i56174 _si |
||
| 999 |
_c51052 _d51052 |
||